Biztosításjogi döntések
Elmentve itt :
| Szerző: | |
|---|---|
| Dokumentumtípus: | Cikk |
| Megjelent: |
1933
|
| Sorozat: | Polgári jog : a hazai és külföldi magánjog és hiteljog szemléje
9 |
| Kulcsszavak: | Hiteljog biztosítás |
| Online Access: | http://misc.bibl.u-szeged.hu/5941 |
| LEADER | 00600nab a2200169 i 4500 | ||
|---|---|---|---|
| 001 | misc5941 | ||
| 005 | 20191106142353.0 | ||
| 008 | 170607s1933 hu o 0|| hun d | ||
| 040 | |a SZTE Miscellanea Repozitórium |b hun | ||
| 041 | |a hun | ||
| 100 | 1 | |a Fonyó György | |
| 245 | 1 | 0 | |a Biztosításjogi döntések |h [elektronikus dokumentum] / |c Fonyó György |
| 260 | |c 1933 | ||
| 300 | |a 462-465a | ||
| 490 | 0 | |a Polgári jog : a hazai és külföldi magánjog és hiteljog szemléje |v 9 | |
| 695 | |a Hiteljog biztosítás | ||
| 856 | 4 | 0 | |u http://misc.bibl.u-szeged.hu/5941/1/polgari_jog_1933_462-465a.pdf |z Dokumentum-elérés |